The culture and art of India
Gorde:
| Egile nagusia: | |
|---|---|
| Formatua: | Liburua |
| Hizkuntza: | Undetermined |
| Argitaratua: |
London
George Allen & Unwin Ltd
1959
|
| Gaiak: | |
| Etiketak: |
Etiketa erantsi
Etiketarik gabe, Izan zaitez lehena erregistro honi etiketa jartzen!
|
| Thư viện lưu trữ: | Trung tâm Học liệu Trường Đại học Cần Thơ |
|---|
| LEADER | 00538nam a2200193Ia 4500 | ||
|---|---|---|---|
| 001 | CTU_217610 | ||
| 008 | 210402s9999 xx 000 0 und d | ||
| 082 | |a 915.4 | ||
| 082 | |b M953 | ||
| 100 | |a Mukerjee, Radhakamal | ||
| 245 | 4 | |a The culture and art of India | |
| 245 | 0 | |c Radhakamal Mukerjee | |
| 260 | |a London | ||
| 260 | |b George Allen & Unwin Ltd | ||
| 260 | |c 1959 | ||
| 650 | |a India,Ấn Độ | ||
| 650 | |x Civilization,Nền văn minh | ||
| 904 | |i Trinh | ||
| 980 | |a Trung tâm Học liệu Trường Đại học Cần Thơ | ||